A modernizmus kezdetei a magyar prózában

Bibliographic Details
Main Author: Grendel, Lajos, 1948-2018 (Author)
Format: Article
Language:Hungarian
ISSN:1335-4361
Subjects:

MARC

LEADER 00000nab a2200000 ar4500
001 vtls008425966
003 SK-MaSNL
005 20260319071310.0
008 060124c2004 xo |||||||b| |000 b|hun
015 |a SNBRB2006/01  |2 snkbucl 
038 |a SNKBUCL 
040 |a DSZK  |b slo  |c DSZK  |e AACR2 
041 0 |a hun  |b eng 
044 |a xo  |c SK 
080 |a 82(091):821.511.141  |x "18"  |2 UDC-MRF-SK2 
080 |a 821.511.141(091)  |x "18"  |2 UDC-MRF-SK2 
080 |a 82.02  |2 UDC-MRF-SK2 
100 1 |a Grendel, Lajos,  |d 1948-2018  |4 aut  |9 185584 
245 1 0 |a A modernizmus kezdetei a magyar prózában  |c Grendel Lajos 
504 |a Bibliogr. odkazy 
546 |a Res. angl. 
650 0 7 |a maďarská literatúra  |x dejiny  |y 19. stor.  |2 snkbucl  |9 1066662 
650 0 7 |a modernizmus (literatúra)  |x maďarská literatúra  |y 19. stor.  |2 snkbucl  |9 1066663 
773 0 |t Fórum társadalomtudományi szemle  |g Évf. VII, sz. 4 (2005), o. 135-149  |x 1335-4361 
852 |a SNK  |b KIS3GCP 
852 |a DSZK  |b KIS3GCP 
958 |a HU 
958 |a LX 
958 |a NB 
999 |c 1753324  |d 1755254